The presence of mind
Αποθηκεύτηκε σε:
| Κύριος συγγραφέας: | |
|---|---|
| Μορφή: | Βιβλίο |
| Γλώσσα: | English |
| Δημοσίευση: |
Amsterdam :
John Benjamins Pub.,
c1999.
|
| Σειρά: | Advances in consciousness research,
v. 17 |
| Θέματα: | |
| Ετικέτες: |
Προσθήκη ετικέτας
Δεν υπάρχουν, Καταχωρήστε ετικέτα πρώτοι!
|
MARC
| LEADER | 00000cam a2200000 i 4500 | ||
|---|---|---|---|
| 001 | 1/79065 | ||
| 008 | 080328s1999 ne | ||| |||| ||eng|| | ||
| 020 | |a 9027251371 |q (Eur.) | ||
| 035 | |l 10095874 | ||
| 040 | |a GR-MyUa |b gre |e AACR2 | ||
| 041 | 0 | |a eng | |
| 082 | 7 | |a 128.2 |2 (22) | |
| 100 | 1 | |a Hutto, Daniel D. | |
| 245 | 1 | 4 | |a The presence of mind / |c Daniel D. Hutto. |
| 260 | |a Amsterdam : |b John Benjamins Pub., |c c1999. | ||
| 300 | |a xiv, 252 σ. ; |c 22 εκ. | ||
| 490 | 1 | |a (Advances in consciousness research, |x 1381-589X ; |v v. 17) | |
| 504 | |a Βιβλιογραφία: σ. [195]-222. Ευρετήριο. | ||
| 650 | 0 | |a Intentionality (Philosophy) | |
| 650 | 0 | |a Intentionalism. | |
| 650 | 0 | |a Act (Philosophy) | |
| 830 | 0 | |a Advances in consciousness research, |x 1381-589Χ ; |v v. 17 | |
| 852 | |a INST |b SYROS |e 20080328 |h 128.2 HUT |p 005500006254 |q 005500006254 |t BK |y 0 | ||
| 901 | |a BIBL5-2008-1 | ||
| 922 | |a 5ΕΛΗ |b 200708 |c ΕΠΕΑΕΚ2/ΤΜΣΠΣ |d ΕΛΕΥΘΕΡΟΥΔΑΚΗΣ | ||
| 970 | |a ΚΑΓΙΑΒΑ |b ΕΙΡΗΝΗ |z 2008/03/28 | ||